Principles of Vibration (0 19 514246 2)
Salvato in:
| Autore principale: | |
|---|---|
| Natura: | Libro |
| Lingua: | Undetermined |
| Pubblicazione: |
Oxford
2002
|
| Tags: |
Aggiungi Tag
Nessun Tag, puoi essere il primo ad aggiungerne! !
|
| Thư viện lưu trữ: | Trung tâm Học liệu Trường Đại học Cần Thơ |
|---|
| LEADER | 00391nam a2200145Ia 4500 | ||
|---|---|---|---|
| 001 | CTU_49354 | ||
| 008 | 210402s9999 xx 000 0 und d | ||
| 082 | |a 620.2 | ||
| 082 | |b T665 | ||
| 100 | |a BENSON H TONGUE | ||
| 245 | 0 | |a Principles of Vibration (0 19 514246 2) | |
| 245 | 0 | |c BENSON H TONGUE | |
| 260 | |b Oxford | ||
| 260 | |c 2002 | ||
| 980 | |a Trung tâm Học liệu Trường Đại học Cần Thơ | ||